000 00456nam a2200145 4500
999 _c6817
_d6817
008 170503b xxu||||| |||| 00| 0 eng d
022 _a0119-9000
082 _aDPer 641.505 C77 Jan-June 2013 v.13-14
245 _aRaintree combines values and sophistication.
260 _aPhilippines:
_bUBM Medica,
_c©Jan-June 2013.
300 _av13 n12, pages 62-63:
_billustrations;
_c29 cm.
500 _aCook.
650 0 _920646
_aCooking
942 _2ddc
_cPER